LIBRARY ONLINE CATALOGUE

Shetani msalabani / (Record no. 5963)

MARC details
000 -LEADER
fixed length control field 00757cam a22002172 4500
001 - CONTROL NUMBER
control field 0000002664
005 - DATE AND TIME OF LATEST TRANSACTION
control field 20151217151901.0
008 - FIXED-LENGTH DATA ELEMENTS--GENERAL INFORMATION
fixed length control field 070418s xx 000 0 eng d
020 ## - INTERNATIONAL STANDARD BOOK NUMBER
International Standard Book Number 9966461671 :
Terms of availability KES 360
040 ## - CATALOGING SOURCE
Original cataloging agency KABU
Transcribing agency KABU
050 #0 - LIBRARY OF CONGRESS CALL NUMBER
Classification number PL8379.9
Item number .N4S54 1982
100 1# - MAIN ENTRY--PERSONAL NAME
Personal name Ngugi wa Thiong'o.
-- 0000152283
245 10 - TITLE STATEMENT
Title Shetani msalabani /
Statement of responsibility, etc. Ngugi wa Thiong'o.
260 ## - PUBLICATION, DISTRIBUTION, ETC. (IMPRINT)
Place of publication, distribution, etc. Nairobi :
-- Kampala :
Name of publisher, distributor, etc. East Africa Educational Publishers,
Date of publication, distribution, etc. 1982.
300 ## - PHYSICAL DESCRIPTION
Extent 272 p. ;
Dimensions 18 cm.
440 #0 - SERIES STATEMENT/ADDED ENTRY--TITLE
Title Waandishi wa kiafrika
-- 0000152123
500 ## - GENERAL NOTE
General note Swahili translation of: Devil on the cross. c1982. First published in Gikuyu as: Caitaani mutharabaini.
908 ## - PUT COMMAND PARAMETER (RLIN)
Put command parameter 070418
950 ## - LOCAL HOLDINGS (RLIN)
-- 1
Holdings
Withdrawn status Lost status Source of classification or shelving scheme Not for loan Home library Current library Date acquired Total Checkouts Full call number Barcode Date last seen Price effective from Koha item type
    Library of Congress Classification   Kabarak, Main Campus Kabarak, Main Campus 17/12/2015   PL8379.9 .N4S54 1982 008380 17/12/2015 17/12/2015 General Collection